Pays par extension du nom de domaine internet - Statistiques

Statistiques générales
  • Ce quiz a été pris 183 fois
  • Le résultat moyen est 8 sur 20
Statistiques - réponses
Domaine Réponse % Correct
.br Brésil
100%
.es Espagne
100%
.fr France
100%
.jp Japon
100%
.kz Kazakhstan
100%
.pl Pologne
100%
.se Suède
100%
.zw Zimbabwe
100%
.ru Russie
92%
.ro Roumanie
90%
.ye Yémen
90%
.be Belgique
89%
.ca Canada
88%
.fj Fidji
88%
.jo Jordanie
88%
.th Thaïlande
86%
.dk Danemark
85%
.de Allemagne
83%
.uk Royaume-Uni
83%
.uy Uruguay
82%
.zm Zambie
82%
.az Azerbaïdjan
80%
.qa Qatar
80%
.cz République Tchèque
80%
.rw Rwanda
80%
.it Italie
79%
.au Australie
78%
.us États-Unis
78%
.cn Chine
75%
.sk Slovaquie
73%
.ee Estonie
71%
.hu Hongrie
71%
.is Islande
71%
.nz Nouvelle-Zélande
71%
.pk Pakistan
71%
.jm Jamaïque
67%
.om Oman
67%
.ph Philippines
67%
.ch Suisse
67%
.vu Vanuatu
67%
.cu Cuba
64%
.mk Macédoine du Nord
64%
.mw Malawi
64%
.ng Nigeria
64%
.no Norvège
64%
.cg République du Congo
64%
.bz Belize
63%
.pt Portugal
63%
.sy Syrie
62%
.dz Algérie
60%
.ar Argentine
60%
.kg Kirghizistan
60%
.kw Koweït
60%
.sd Soudan
60%
.tl Timor Oriental
60%
.tv Tuvalu
60%
.ua Ukraine
60%
.ve Venezuela
60%
.lv Lettonie
57%
.mx Mexique
57%
.va Vatican
57%
.gr Grèce
56%
.af Afghanistan
55%
.lu Luxembourg
54%
.za Afrique du Sud
50%
.bh Bahreïn
50%
.cy Chypre
50%
.dj Djibouti
50%
.fi Finlande
50%
.ga Gabon
50%
.gd Grenade
50%
.in Inde
50%
.lt Lituanie
50%
.nl Pays-Bas
50%
.tz Tanzanie
50%
.co Colombie
45%
.ke Kenya
45%
.at Autriche
44%
.ug Ouganda
44%
.uz Ouzbékistan
44%
.bt Bhoutan
43%
.bo Bolivie
43%
.do République Dominicaine
43%
.so Somalie
43%
.tr Turquie
43%
.et Éthiopie
42%
.ge Géorgie
40%
.gh Ghana
40%
.ie Irlande
40%
.mz Mozambique
40%
.ni Nicaragua
40%
.by Biélorussie
38%
.bg Bulgarie
38%
.eg Égypte
38%
.gy Guyana
38%
.hn Honduras
38%
.id Indonésie
38%
.md Moldavie
38%
.al Albanie
36%
.bf Burkina Faso
36%
.ma Maroc
36%
.na Namibie
36%
.bd Bangladesh
33%
.mm Birmanie
33%
.cl Chili
33%
.hr Croatie
33%
.sz Eswatini
33%
.iq Irak
33%
.mv Maldives
33%
.py Paraguay
33%
.rs Serbie
33%
.si Slovénie
33%
.tg Togo
33%
.lb Liban
30%
.ly Libye
30%
.pa Panama
30%
.td Tchad
30%
.vn Viêt Nam
30%
.mt Malte
29%
.nr Nauru
29%
.pe Pérou
29%
.sl Sierra Leone
29%
.gt Guatemala
27%
.sa Arabie Saoudite
25%
.bw Botswana
25%
.er Érythrée
25%
.kr Corée du Sud
22%
.li Liechtenstein
22%
.tn Tunisie
22%
.ae Émirats Arabes Unis
21%
.fm États Fédérés de Micronésie
21%
.gn Guinée-Bissau
20%
.gq Guinée Équatoriale
20%
.la Laos
20%
.ml Mali
20%
.mn Mongolie
20%
.np Népal
20%
.sg Singapour
20%
.sr Suriname
20%
.ad Andorre
17%
.bn Brunei
17%
.kh Cambodge
17%
.km Comores
17%
.ci Côte d'Ivoire
17%
.ht Haïti
17%
.il Israël
17%
.ws Samoa
17%
.cv Cap-Vert
15%
.pw Palaos
15%
.ki Kiribati
14%
.my Malaisie
14%
.pg Papouasie-Nouvelle-Guinée
14%
.tt Trinité-et-Tobago
14%
.dm Dominique
13%
.gn Guinée
13%
.cd République Démocratique du Congo
13%
.me Monténégro
12%
.am Arménie
11%
.lc Sainte-Lucie
11%
.tm Turkménistan
11%
.ag Antigua-et-Barbuda
10%
.bj Bénin
10%
.ec Équateur
10%
.cf République Centrafricaine
10%
.sv Salvador
10%
.tw Taïwan
10%
.kp Corée du Nord
9%
.mg Madagascar
9%
.to Tonga
9%
.ao Angola
8%
.ba Bosnie-Herzégovine
8%
.bi Burundi
7%
.bs Bahamas
0%
.bb Barbade
0%
.cm Cameroun
0%
.cr Costa Rica
0%
.gm Gambie
0%
.mh Îles Marshall
0%
.sb Îles Salomon
0%
.ir Iran
0%
.ls Lesotho
0%
.lr Liberia
0%
.mu Maurice
0%
.mr Mauritanie
0%
.mc Monaco
0%
.ne Niger
0%
.kn Saint-Christophe-et-Niévès
0%
.sm Saint-Marin
0%
.vc Saint-Vincent-et-les-Grenadines
0%
.st Sao Tomé-et-Principe
0%
.sn Sénégal
0%
.sc Seychelles
0%
.ss Soudan du Sud
0%
.lk Sri Lanka
0%
.tj Tadjikistan
0%
Aucun quiz correspondant
Distribution des résultats
% des personnes avec chaque résultat
Percentile par nombre de réponses
Votre historique - résultats
Vous n’avez pas pris ce quiz